01467nam a22004097a 4500003000400000005001700004008004100021040002200062082001800084100003400102245008700136260002900223300001900252366000800271490002400279505001900303505001600322505001700338505001700355505001500372505001700387505001800404505002100422505006700443505003200510505001700542650004600559650004400605650005500649650004800704650004300752650004500795651004400840942002900884999001500913952012900928OSt20230519093912.0221006b |||||||| |||| 00| 0 eng d cBiblioteca Lado V a701.18bA658t 9828aAraeen, Rasheedeeditora aThird Text/bCriticalPerspectives on Contemporary Art & Culture | A New Beginning/ bRoutledgec2000aLondres c19x25cma128p. eeng a50v2000x0952-8822 aRasheed Araeen aJohan Lagae aGil Hochberg aRuth Kerkham aJon Brazil aDavid Clarke aWendy Belcher aDespoina Zefkili aReviewsgIan McLean Jorella Andrews Tamara Stuby Dorian Ker aBook ReviewgRichard Hylton aContributors 2Tesauro de Arte & ArquitecturaaARTE9703 2Tesauro de Arte & ArquitecturaaCRITICA 2Tesauro de Arte & ArquitecturaaARTE CONTEMPORANEO 2Tesauro de Arte & ArquitecturaaAPRECIACION 2Tesauro de Arte & ArquitecturaaTEORIA 2Tesauro de Arte & ArquitecturaaANALISIS 2Tesauro de Arte & ArquitecturaaLONDRES 2ddcc1h701.18iA658tn0 c3637d3637 00102ddc3200040708RevistasaLVbLVd2023-05-19h50i003757l0o701.18 A658tp003757r2023-05-19 00:00:00w2023-05-19y1